000 01068nam a2200289 a 4500
001 50498
003 BD-RjUL
005 20211209075523.0
008 160827s1947 enk b 001 0 eng d
035 _a(BD-RjUL)50618
040 _aDGU
_cDGU
_dm.c
_dOCL
_dBD-RjUL
_dEQO
_beng
041 _aeng
082 _222
_a820
_bWYS 1947
090 _aPE1101
_b.W8 1927b
100 1 _aWyld, Henry Cecil,
_d1870-1945.
_9150726
245 1 2 _aA short history of English :
_bwith a bibliography of recent books on the subject, and lists of texts and editions /
_cby Henry Cecil Wyld.
246 3 0 _aShort history of English
250 _a3rd ed., rev. and enl.
260 _aLondon :
_bJ. Murray,
_c1947, [Reprinted 1947-1957]
300 _avii, 294 p. ;
_c22 cm.
504 _aIncludes bibliographical references (p. [1]-13) and index.
650 0 _aEnglish language
_xGrammar, Historical.
_9151268
650 0 _aEnglish language
_xHistory.
_9133971
650 0 _aEnglish language
_xGrammar, Historical
_vBibliography.
_9151269
942 _2ddc
_cBK
999 _c50498
_d50498